| 000 | 00552nam a22001817a 4500 | ||
|---|---|---|---|
| 005 | 20251108170023.0 | ||
| 008 | 250721s1999 xx 000 0 ara d | ||
| 082 | 1 | 4 | _a797.2/سوس |
| 100 | 1 | _aالسوسي، محمد | |
| 245 | 1 | 0 | _aفن الإنقاذ الحديث و دليل نظام البطولات / |
| 264 | 1 |
_aدمشق : _bدار الممعرفة، _c1999. |
|
| 300 | _a286ص | ||
| 650 | 1 | 7 | _aالألعاب المائية |
| 650 | 1 | 7 | _aالإسعافات الأولية |
| 650 | 1 | 7 | _aالسباحة |
| 942 |
_2ddc _cBK |
||
| 999 |
_c37620 _d37620 |
||